Normal view MARC view
  • Hou, Zhikun

Entry Personal Name

Number of records used in: 1

001 - CONTROL NUMBER

  • control field: 99323

003 - CONTROL NUMBER IDENTIFIER

  • control field: NUST

005 - DATE AND TIME OF LATEST TRANSACTION

  • control field: 20221006143242.0

008 - FIXED-LENGTH DATA ELEMENTS

  • fixed length control field: 221006|| aca||aabn | a|a d

040 ## - CATALOGING SOURCE

  • Original cataloging agency: NUST
  • Transcribing agency: NUST

100 ## - HEADING--PERSONAL NAME

  • Personal name: Hou, Zhikun

670 ## - SOURCE DATA FOUND

  • Source citation: Work cat.: (NUST)174710: Rong, Yiming, 99322, Advanced computer-aided fixture design /, 2005.
© 2023 Central Library, National University of Sciences and Technology. All Rights Reserved.